[Event "4NCL Division 2b"]
[Site "Birmingham, ENG"]
[Date "2016.03.19"]
[Round "7.26"]
[White "Foord, Dominic"]
[Black "Lewis, Andrew P"]
[Result "1/2-1/2"]
[WhiteElo "2086"]
[BlackElo "2288"]
[PlyCount "99"]
[EventDate "2016.03.19"]
[WhiteTeam "KJCA Kings"]
[BlackTeam "Anglian Avengers 1"]

1. d4 Nf6 2. c4 g6 3. Nc3 Bg7 4. e4 d6 5. Be2 O-O 6. Nf3 e5 7. O-O Nc6 8. Be3
Re8 9. dxe5 dxe5 10. h3 Be6 11. Re1 Qxd1 12. Rexd1 Rad8 13. Nd5 Bxd5 14. cxd5
Nd4 15. Bd3 c5 16. Rac1 Nd7 17. b4 b6 18. Kf1 h6 19. bxc5 Nxc5 20. Bb1 Nxf3 21.
gxf3 Bf8 22. Bd3 Rc8 23. Bb5 Red8 24. a4 Kg7 25. Ke2 Bd6 26. Rc4 Rc7 27. Rb1 f5
28. exf5 gxf5 29. Rh4 Rh8 30. Rg1+ Kf7 31. Rxh6 Rxh6 32. Bxh6 Nb3 33. Rg7+ Kf6
34. Rxc7 Bxc7 35. Bf8 Nd4+ 36. Ke3 f4+ 37. Ke4 Nf5 38. Bd7 Bd6 39. Bxf5 Bxf8
40. Bc8 Bc5 41. h4 Bd6 42. h5 Kg5 43. h6 Kxh6 44. Kf5 Kg7 45. Ke6 Bc5 46. d6
Kf8 47. Bd7 a6 48. Kd5 Bxf2 49. Ke6 b5 50. axb5 1/2-1/2

[Event "4NCL Division 2b"]
[Site "Birmingham, ENG"]
[Date "2016.03.19"]
[Round "7.27"]
[White "Talsma, Paul"]
[Black "Ball, Laurence"]
[Result "1/2-1/2"]
[WhiteElo "2237"]
[BlackElo "2100"]
[PlyCount "39"]
[EventDate "2016.03.19"]
[WhiteTeam "Anglian Avengers 1"]
[BlackTeam "KJCA Kings"]

1. d4 d6 2. e4 e5 3. dxe5 dxe5 4. Qxd8+ Kxd8 5. Nc3 Bd6 6. Nf3 Nf6 7. Bg5 Be6
8. O-O-O Nbd7 9. Nb5 Ke7 10. Nxd6 cxd6 11. Nd2 Rac8 12. f3 a6 13. b3 Rc6 14.
Nc4 Rhc8 15. Ne3 b5 16. Be2 Nb6 17. Rd2 h6 18. Bxf6+ Kxf6 19. Rhd1 Ke7 20. Kb1
1/2-1/2

[Event "4NCL Division 2b"]
[Site "Birmingham, ENG"]
[Date "2016.03.19"]
[Round "7.28"]
[White "Golding, James"]
[Black "Bayford, Jim R"]
[Result "1-0"]
[WhiteElo "2068"]
[BlackElo "2132"]
[PlyCount "95"]
[EventDate "2016.03.19"]
[WhiteTeam "KJCA Kings"]
[BlackTeam "Anglian Avengers 1"]

1. d4 Nf6 2. c4 c5 3. d5 e6 4. Nc3 exd5 5. cxd5 d6 6. e4 g6 7. f3 Bg7 8. Bg5
O-O 9. Qd2 a6 10. a4 Qa5 11. Ra3 Re8 12. Nge2 Nbd7 13. Nc1 Ne5 14. Be2 c4 15.
O-O Bd7 16. h3 Rac8 17. f4 Nd3 18. Nxd3 cxd3 19. Bxd3 Qb4 20. Bxf6 Bxf6 21. Rc1
Bd4+ 22. Kh2 f5 23. Rc2 Re7 24. a5 Rce8 25. Nb1 Qxd2 26. Nxd2 fxe4 27. Be2 Bb5
28. Bxb5 axb5 29. Nb3 Bc5 30. Nxc5 dxc5 31. Re3 c4 32. Rce2 Rd7 33. Rxe4 Rxe4
34. Rxe4 Rxd5 35. Re7 b4 36. Rxb7 Rxa5 37. Rxb4 Rc5 38. Kg3 c3 39. bxc3 Rxc3+
40. Kh4 Rc7 41. g4 Kg7 42. f5 Rf7 43. Rb5 Ra7 44. Kg5 h6+ 45. Kh4 g5+ 46. Kh5
Ra3 47. Rb7+ Kf6 48. Rb6+ 1-0

[Event "4NCL Division 2b"]
[Site "Birmingham, ENG"]
[Date "2016.03.19"]
[Round "7.29"]
[White "Gallagher, Daniel GH"]
[Black "Lunn, Matthew"]
[Result "1-0"]
[WhiteElo "2125"]
[BlackElo "2058"]
[PlyCount "63"]
[EventDate "2016.03.19"]
[WhiteTeam "Anglian Avengers 1"]
[BlackTeam "KJCA Kings"]

1. d4 Nf6 2. c4 g6 3. Nc3 Bg7 4. e4 d6 5. Nf3 O-O 6. Be2 e5 7. O-O Na6 8. Be3
Ng4 9. Bg5 Qe8 10. h3 h6 11. Bc1 Nf6 12. dxe5 dxe5 13. Be3 c6 14. Qc1 Kh7 15.
c5 Nc7 16. Rd1 Ng8 17. Rd6 Ne6 18. Qd2 f5 19. exf5 gxf5 20. Nh4 e4 21. f4 Bf6
22. Qe1 Be7 23. Rad1 Bxd6 24. Rxd6 Ne7 25. g4 fxg4 26. Qb1 Nxf4 27. Bxf4 Rxf4
28. Nxe4 Kg7 29. Qc1 Rxe4 30. Qxh6+ Kf7 31. Qh7+ Kf8 32. Rf6+ 1-0

[Event "4NCL Division 2b"]
[Site "Birmingham, ENG"]
[Date "2016.03.19"]
[Round "7.30"]
[White "Anilkumar, Anantha P"]
[Black "Gregory, Stephen J"]
[Result "0-1"]
[WhiteElo "1980"]
[BlackElo "2117"]
[PlyCount "54"]
[EventDate "2016.03.19"]
[WhiteTeam "KJCA Kings"]
[BlackTeam "Anglian Avengers 1"]

1. d4 Nf6 2. c4 Nc6 3. Nf3 d6 4. Nc3 e5 5. d5 Ne7 6. Bg5 Ng6 7. Qc2 Be7 8. h4
c6 9. O-O-O cxd5 10. cxd5 Bd7 11. h5 Nf8 12. e3 Qa5 13. Kb1 Rc8 14. Qb3 Rxc3
15. Qxc3 Qxc3 16. bxc3 Ne4 17. Bxe7 Nxc3+ 18. Kc1 Nxd1 19. Bxf8 Nxf2 20. Bxg7
Rg8 21. h6 Nxh1 22. Bd3 f5 23. Ng5 Ng3 24. Nxh7 Nh5 25. Nf6+ Nxf6 26. Bxf6 Kf7
27. h7 Rc8+ 0-1

[Event "4NCL Division 2b"]
[Site "Birmingham, ENG"]
[Date "2016.03.19"]
[Round "7.31"]
[White "Wooldridge, Leon M"]
[Black "Verma, Aditya"]
[Result "0-1"]
[WhiteElo "2110"]
[BlackElo "1855"]
[PlyCount "81"]
[EventDate "2016.03.19"]
[WhiteTeam "Anglian Avengers 1"]
[BlackTeam "KJCA Kings"]

1. c4 Nf6 2. Nc3 c6 3. e4 d5 4. e5 d4 5. Nce2 Ng4 6. Nf3 c5 7. h3 Nh6 8. d3 Nc6
9. a3 a6 10. g4 b5 11. Bg2 Rb8 12. O-O g6 13. Bf4 Be6 14. cxb5 Rxb5 15. b4 Bg7
16. Qd2 Ng8 17. Rfc1 h5 18. Ng5 Bd5 19. e6 Nh6 20. exf7+ Nxf7 21. Ne6 Bxe6 22.
Bxc6+ Kf8 23. Bxb5 hxg4 24. Bc4 Bxc4 25. Rxc4 e5 26. Rxc5 exf4 27. Qxf4 gxh3
28. Rac1 h2+ 29. Kh1 Bh6 30. Rc8 Bxf4 31. Nxf4 Ke7 32. Nxg6+ Kf6 33. Rxd8 Rxd8
34. Nh4 Ne5 35. Rd1 Kg5 36. f4+ Kxf4 37. Ng2+ Kg3 38. Nh4 Kxh4 39. Kxh2 Rc8 40.
Kg2 Rc3 41. Kf2 0-1

[Event "4NCL Division 2b"]
[Site "Birmingham, ENG"]
[Date "2016.03.19"]
[Round "7.32"]
[White "Mao, Ximan"]
[Black "Myall, Ivan J"]
[Result "0-1"]
[WhiteElo "1741"]
[BlackElo "2087"]
[PlyCount "80"]
[EventDate "2016.03.19"]
[WhiteTeam "KJCA Kings"]
[BlackTeam "Anglian Avengers 1"]

1. d4 Nf6 2. c4 e6 3. Nc3 Bb4 4. e3 O-O 5. Bd3 d5 6. Nf3 b6 7. O-O Bb7 8. a3
Bxc3 9. bxc3 Ne4 10. Qc2 Nd7 11. Rb1 f5 12. Ne5 Nxe5 13. dxe5 Qe8 14. f4 dxc4
15. Bxc4 Qc6 16. Bb3 Kh8 17. Bb2 Rfd8 18. Rbd1 Nc5 19. Ba2 Ba6 20. c4 Qe4 21.
Qxe4 Nxe4 22. Rfe1 c5 23. Ba1 Kg8 24. h3 Kf8 25. Bb2 Ke7 26. Ba1 Nd2 27. Rc1
Rd3 28. Rc2 Rad8 29. Bb2 Ne4 30. Kh2 Rd2 31. Rec1 Rxc2 32. Rxc2 Rd2 33. Rxd2
Nxd2 34. Bc3 Nxc4 35. Bxc4 Bxc4 36. g4 Bd3 37. Kg3 Kd7 38. Kf2 Kc6 39. Ke1 Kd5
40. Kd2 Be4 0-1